Policy implementation and the environmental protection agency: what factors influence remediation at superfund sites? (Record no. 62210)

000 -LEADER
fixed length control field 00480pab a2200157 454500
008 - FIXED-LENGTH DATA ELEMENTS--GENERAL INFORMATION
fixed length control field 180718b2004 xxu||||| |||| 00| 0 eng d
100 ## - MAIN ENTRY--PERSONAL NAME
Personal name Daley, Dorothy M.
245 ## - TITLE STATEMENT
Title Policy implementation and the environmental protection agency: what factors influence remediation at superfund sites?
260 ## - PUBLICATION, DISTRIBUTION, ETC.
Date of publication, distribution, etc. 2004
300 ## - PHYSICAL DESCRIPTION
Extent p.375-392.
362 ## - DATES OF PUBLICATION AND/OR SEQUENTIAL DESIGNATION
Dates of publication and/or sequential designation Aug
650 ## - SUBJECT ADDED ENTRY--TOPICAL TERM
Topical term or geographic name entry element Environmental conservation
700 ## - ADDED ENTRY--PERSONAL NAME
Personal name Layton, David F.
773 ## - HOST ITEM ENTRY
Main entry heading Policy Studies Journal
909 ## -
-- 62210
Holdings
Withdrawn status Lost status Damaged status Not for loan Permanent Location Current Location Date acquired Serial Enumeration / chronology Barcode Date last seen Price effective from Koha item type
        Indian Institute of Public Administration Indian Institute of Public Administration 2018-07-19 Volume no: 32, Issue no: 3 AR62660 2018-07-19 2018-07-19 Articles

Powered by Koha